|
|
|
|
| LEADER |
00000nta a2200000 i 4500 |
| 001 |
dolg26731 |
| 005 |
20201020135756.0 |
| 008 |
201020suuuu hu om 000 eng d |
| 040 |
|
|
|a BGE Dolgozattár Repozitórium
|b hun
|
| 041 |
|
|
|a en
|
| 100 |
1 |
|
|a Verő Viktória
|
| 245 |
1 |
0 |
|a Economic strategies and their relation with foreign affair strategies in the member states of the Gulf Cooperation Council
|c Verő Viktória
|h [elektronikus dokumentum]
|
| 695 |
|
|
|a EU-külkapcsolatok
|
| 695 |
|
|
|a Arab-öböl
|
| 700 |
1 |
|
|a Nincs adat Nincs adat
|e ths
|
| 856 |
4 |
0 |
|u http://dolgozattar.uni-bge.hu/26731/1/D_14958.pdf
|z Dokumentum-elérés
|